[Event "Madrdid ch 2015 - Semifinal B"]
[Site "Madrid ESP"]
[Date "2015.03.27"]
[Round "8.11"]
[White "Del Noval Nemeshazi, Nesztor"]
[Black "Yeves Miquel, Enrique"]
[Result "0-1"]
[WhiteElo "1770"]
[BlackElo "1715"]
[PlyCount "66"]
[EventDate "2015.03.05"]
[EventType "swiss"]
[EventRounds "9"]
[EventCountry "ESP"]
[Source "lmi"]
[SourceDate "2015.03.05"]

1. e4 c5 2. Nf3 e6 3. d4 cxd4 4. Nxd4 Nc6 5. c4 Nf6 6. Nc3 Bb4 7. Nxc6 bxc6 8.
e5 Ne4 9. Qb3 Qa5 10. Bd2 Nxd2 11. Kxd2 Rb8 12. Kc2 Qxe5 13. Bd3 O-O 14. Rae1
Qc7 15. Re3 d5 16. Rh3 g6 17. Nd1 e5 18. Rg3 e4 19. Be2 Bd6 20. Qe3 Bf4 21. Qc3
Bxg3 22. fxg3 Qb6 23. Qe5 Be6 24. h4 Rbe8 25. Qf6 c5 26. h5 Bf5 27. Qg5 e3+ 28.
Kc1 Qd8 29. Qf4 Re4 30. Qh6 dxc4 31. g4 Qd2+ 32. Kb1 Rxg4+ 33. Ka1 Qc1# 0-1

[Event "Madrdid ch 2015 - Semifinal B"]
[Site "Madrid ESP"]
[Date "2015.03.27"]
[Round "8.13"]
[White "Estevez Sacristan, Deva"]
[Black "Enfedaque Jimenez, Juan Carlos"]
[Result "1-0"]
[WhiteElo "1648"]
[BlackElo "1758"]
[PlyCount "51"]
[EventDate "2015.03.05"]
[EventType "swiss"]
[EventRounds "9"]
[EventCountry "ESP"]
[Source "lmi"]
[SourceDate "2015.03.05"]

1. e4 c5 2. Nf3 Nc6 3. d4 cxd4 4. Nxd4 g6 5. Nc3 Bg7 6. Nb3 Nf6 7. Be2 O-O 8.
O-O a5 9. a4 d6 10. Bg5 Be6 11. Kh1 d5 12. Bxf6 Bxf6 13. exd5 Bxc3 14. dxc6
Bxb2 15. cxb7 Ra7 16. Rb1 Be5 17. Nc5 Qc7 18. Na6 Rxa6 19. Bxa6 Rb8 20. Re1
Bxh2 21. g3 Bxg3 22. fxg3 Qc6+ 23. Kh2 Qxa6 24. Qf3 Qc4 25. Qd3 Qxa4 26. Qc3
1-0

[Event "Madrdid ch 2015 - Semifinal B"]
[Site "Madrid ESP"]
[Date "2015.03.28"]
[Round "9.1"]
[White "Veganzones Rojo, David"]
[Black "Aguilera Lopez, Alejandro"]
[Result "1/2-1/2"]
[WhiteElo "2070"]
[BlackElo "1879"]
[PlyCount "109"]
[EventDate "2015.03.05"]
[EventType "swiss"]
[EventRounds "9"]
[EventCountry "ESP"]
[Source "lmi"]
[SourceDate "2015.03.05"]

1. d4 d5 2. c4 c6 3. Nf3 Nf6 4. e3 e6 5. b3 Bd6 6. Bb2 Nbd7 7. Bd3 O-O 8. O-O
Qc7 9. Nbd2 e5 10. c5 e4 11. cxd6 Qxd6 12. Be2 exf3 13. Nxf3 Ne4 14. Bd3 f5 15.
Ne5 Nxe5 16. dxe5 Qh6 17. Qc2 Be6 18. Rae1 Ng5 19. Ba3 Rf7 20. f3 Re8 21. Qf2
Bc8 22. h4 Ne6 23. f4 g6 24. g3 a6 25. Rc1 Rd7 26. Rfd1 Qg7 27. Be2 Qf7 28. Bb4
Ng7 29. a4 Qe6 30. Bc5 b5 31. axb5 cxb5 32. b4 Bb7 33. Bf3 Red8 34. Qg2 h5 35.
Rd4 Ne8 36. Rcd1 Kg7 37. Qa2 Kg8 38. Kh2 Kg7 39. Bg2 Qc6 40. Qb2 Qe6 41. Bd6
Nxd6 42. exd6 Kf7 43. Rxd5 Qf6 44. Re5 Bxg2 45. Qxg2 Rxd6 46. Qb7+ Kg8 47. Rxd6
Qxd6 48. Re7 Qf6 49. Qc7 Rf8 50. Qd7 Rf7 51. Re8+ Kg7 52. Qc8 Rf8 53. Qd7+ Rf7
54. Qc8 Rf8 55. Qd7+ 1/2-1/2

[Event "Madrdid ch 2015 - Semifinal B"]
[Site "Madrid ESP"]
[Date "2015.03.28"]
[Round "9.2"]
[White "Vallejo Nuno, Jorge"]
[Black "Rodrigo Yanguas, Maria"]
[Result "1/2-1/2"]
[WhiteElo "2035"]
[BlackElo "2184"]
[PlyCount "83"]
[EventDate "2015.03.05"]
[EventType "swiss"]
[EventRounds "9"]
[EventCountry "ESP"]
[Source "lmi"]
[SourceDate "2015.03.05"]

1. e4 e6 2. b3 d5 3. Bb2 Nf6 4. e5 Nfd7 5. Qg4 c5 6. f4 h5 7. Qg3 Nc6 8. Nf3 a6
9. Be2 b5 10. Nc3 Bb7 11. O-O Qe7 12. f5 h4 13. Qf4 O-O-O 14. fxe6 fxe6 15.
Bxb5 axb5 16. Nxb5 Rh5 17. Nd6+ Kb8 18. Qg4 Rh6 19. d3 Ba8 20. Rae1 h3 21. gxh3
d4 22. Nc4 Qe8 23. Bc1 Rg6 24. Ng5 Nb4 25. Re2 Nxa2 26. Bd2 Nb4 27. h4 Be7 28.
h5 Rxg5 29. Bxg5 Nf8 30. Bxe7 Qxe7 31. Nd6 Qc7 32. Rf7 Qc6 33. Ne4 Nd7 34. Qxg7
Qd5 35. Nf6 Qh1+ 36. Kf2 Qxh2+ 37. Ke1 Qh4+ 38. Kd2 Qf4+ 39. Ke1 Qh4+ 40. Kd2
Qf4+ 41. Ke1 Qh4+ 42. Kd2 1/2-1/2

[Event "Madrdid ch 2015 - Semifinal B"]
[Site "Madrid ESP"]
[Date "2015.03.28"]
[Round "9.3"]
[White "Hinojar Diez, David"]
[Black "Martin Rodriguez, Emilio"]
[Result "0-1"]
[WhiteElo "2164"]
[BlackElo "2091"]
[PlyCount "60"]
[EventDate "2015.03.05"]
[EventType "swiss"]
[EventRounds "9"]
[EventCountry "ESP"]
[Source "lmi"]
[SourceDate "2015.03.05"]

1. e4 e6 2. d4 d5 3. Nc3 Nf6 4. e5 Nfd7 5. Nce2 c5 6. c3 Qb6 7. a3 Nc6 8. Nf3
f6 9. exf6 Nxf6 10. g3 cxd4 11. Nexd4 Bd6 12. Bg2 e5 13. Nb3 e4 14. Nfd4 Bg4
15. Qc2 O-O 16. O-O Ne5 17. Be3 Qd8 18. Nd2 Qd7 19. Qb3 Kh8 20. Bg5 Bc5 21. f3
Nxf3+ 22. N2xf3 exf3 23. Bxf3 Bxf3 24. Rxf3 Qg4 25. Rxf6 Bxd4+ 26. cxd4 Qxd4+
27. Kg2 gxf6 28. Bf4 Rae8 29. Qb5 a6 30. Qd7 Qxb2+ 0-1

[Event "Madrdid ch 2015 - Semifinal B"]
[Site "Madrid ESP"]
[Date "2015.03.28"]
[Round "9.4"]
[White "Perez De Aranda A., Leonardo I"]
[Black "Saribekyan, Garnik"]
[Result "1-0"]
[WhiteElo "2094"]
[BlackElo "1678"]
[PlyCount "95"]
[EventDate "2015.03.05"]
[EventType "swiss"]
[EventRounds "9"]
[EventCountry "ESP"]
[Source "lmi"]
[SourceDate "2015.03.05"]

1. e4 e5 2. Nf3 Nc6 3. Bb5 a6 4. Ba4 Nf6 5. O-O Be7 6. Re1 b5 7. Bb3 O-O 8. a4
Rb8 9. axb5 axb5 10. d3 d6 11. h3 Be6 12. Bxe6 fxe6 13. c3 Nd7 14. Ra6 Nb6 15.
Qb3 Qc8 16. Qxb5 Nd8 17. Ra2 c5 18. Qb3 Nc6 19. Qd1 Qc7 20. Bg5 Rxf3 21. Bxe7
Rf7 22. Bh4 d5 23. Nd2 Nd7 24. Nf3 h6 25. d4 cxd4 26. exd5 exd5 27. cxd4 e4 28.
Bg3 Qb6 29. Bxb8 exf3 30. Re8+ Nf8 31. Bd6 Nxd4 32. Rxf8+ Rxf8 33. Bxf8 Kxf8
34. gxf3 Qf6 35. Ra3 Qg5+ 36. Kf1 Qh4 37. f4 Qxf4 38. Ra8+ Kf7 39. Qh5+ g6 40.
Qxd5+ Ne6 41. Ra7+ Kf6 42. Ra6 Qc1+ 43. Kg2 Qc8 44. Rc6 Qe8 45. Kf3 Qf7 46.
Qxe6+ Qxe6 47. Rxe6+ Kxe6 48. Ke4 1-0

[Event "Madrdid ch 2015 - Semifinal B"]
[Site "Madrid ESP"]
[Date "2015.03.28"]
[Round "9.6"]
[White "Morona Minguez, Miguel"]
[Black "Gonzalez Mateos, Rafael"]
[Result "1/2-1/2"]
[WhiteElo "1818"]
[BlackElo "1999"]
[PlyCount "38"]
[EventDate "2015.03.05"]
[EventType "swiss"]
[EventRounds "9"]
[EventCountry "ESP"]
[Source "lmi"]
[SourceDate "2015.03.05"]

1. e4 e6 2. d4 d5 3. Nc3 Bb4 4. e5 c5 5. a3 Bxc3+ 6. bxc3 Ne7 7. Qg4 Qc7 8.
Qxg7 Rg8 9. Qxh7 cxd4 10. Ne2 dxc3 11. f4 Bd7 12. Qd3 Nbc6 13. Nxc3 a6 14. Bd2
Na5 15. h3 Nc4 16. g4 Nxd2 17. Kxd2 Ng6 18. Qd4 Rc8 19. Bd3 Nxf4 1/2-1/2

[Event "Madrdid ch 2015 - Semifinal B"]
[Site "Madrid ESP"]
[Date "2015.03.28"]
[Round "9.7"]
[White "Largo Barbero, Benito"]
[Black "Moreno Torrero, Javier"]
[Result "0-1"]
[WhiteElo "1961"]
[BlackElo "1987"]
[PlyCount "96"]
[EventDate "2015.03.05"]
[EventType "swiss"]
[EventRounds "9"]
[EventCountry "ESP"]
[Source "lmi"]
[SourceDate "2015.03.05"]

1. f4 d5 2. Nf3 g6 3. g3 Bg7 4. Bg2 Nf6 5. O-O c5 6. d3 Nc6 7. c3 O-O 8. Qe1
Re8 9. e4 dxe4 10. dxe4 e5 11. fxe5 Ng4 12. Nbd2 Ngxe5 13. Nxe5 Nxe5 14. Qf2
Qe7 15. Qe3 Bd7 16. Nf3 Nc4 17. Qe2 Bb5 18. Qf2 Nd6 19. Re1 Nxe4 20. Qc2 Bc6
21. Ng5 h6 22. Nxe4 f5 23. Bxh6 Bxh6 24. Nf2 Qxe1+ 25. Rxe1 Rxe1+ 26. Bf1 Rd8
27. Ng4 fxg4 28. Qxg6+ Bg7 29. Kf2 Re5 30. Bc4+ Bd5 31. Bxd5+ Rdxd5 32. Qxg4
Rd2+ 33. Kf3 Rxb2 34. Qc8+ Kh7 35. Qh3+ Kg6 36. Qg4+ Kf6 37. Qd7 Bf8 38. g4
Rxh2 39. Qxb7 Rh3+ 40. Kf2 Rxc3 41. Qxa7 Bd6 42. Qh7 Ree3 43. Qf5+ Ke7 44. Qh7+
Ke6 45. Qf5+ Ke7 46. Qh7+ Kd8 47. g5 Bg3+ 48. Kg2 Re2+ 0-1

[Event "Madrdid ch 2015 - Semifinal B"]
[Site "Madrid ESP"]
[Date "2015.03.28"]
[Round "9.9"]
[White "Vazquez Gonzalez, Jesus"]
[Black "Garcia Serrano, Jose M"]
[Result "1-0"]
[WhiteElo "2014"]
[BlackElo "1773"]
[PlyCount "57"]
[EventDate "2015.03.05"]
[EventType "swiss"]
[EventRounds "9"]
[EventCountry "ESP"]
[Source "lmi"]
[SourceDate "2015.03.05"]

1. b3 e5 2. Bb2 Nc6 3. e3 a6 4. d4 exd4 5. exd4 d5 6. Nf3 Nf6 7. Bd3 Be7 8. O-O
O-O 9. Ne5 Nb4 10. Be2 Bf5 11. Na3 a5 12. c3 Na6 13. Nc2 c6 14. Ne3 Bg6 15. f4
Be4 16. Qe1 Nd7 17. Qg3 f6 18. Nxd7 Qxd7 19. f5 Bd6 20. Qh3 Qe7 21. Rae1 Rfe8
22. Bh5 g6 23. fxg6 hxg6 24. Ng4 Rf8 25. Bxg6 Nc7 26. Nh6+ Kg7 27. Bxe4 Qd8 28.
Nf5+ Kf7 29. Bxd5+ 1-0